| 000 | nam a22 7a 4500 | ||
|---|---|---|---|
| 999 |
_c126894 _d126894 |
||
| 008 | 170905b xxu||||| |||| 00| 0 eng d | ||
| 050 | _aDC73.32.T519 | ||
| 100 |
_aEinhard _935595 |
||
| 245 |
_aTwo lives of charlemagne _c/ Einhard |
||
| 260 |
_aMiddlesex, England _bPenguin Books _c1969 |
||
| 300 |
_a227p. ; _c19cm. |
||
| 440 |
_aPenguin Classics _935596 |
||
| 650 |
_aCharlemagne _935597 |
||
| 700 |
_aNotker, Balbulus _935598 |
||
| 700 |
_aThorne, Lewis _etr. _935599 |
||
| 942 |
_2lcc _cMONOGRAPH |
||